Najpopularniejsze piosenki Dawida Podsiadło na Spotify - Statystyki

Ogólne statystyki
  • Ten quiz został rozwiązany 78 razy
  • Średni wynik to 5 z 10
Statystyki odpowiedzi
Liczba odtworzeń Współpraca Nazwa utworu % Poprawnych
ok. 74 mln. Nie Małomiasteczkowy
96%
ok. 64 mln. Nie Mori
69%
ok. 48 mln. Nie W Dobrą Stronę
63%
ok. 90 mln. Tak I Ciebie też bardzo
60%
ok. 55 mln. Nie Pastempomat
60%
ok. 75 mln. Tak Ostatnia Nadzieja
54%
ok. 11 mln. Nie Pięknie Płyniesz
37%
ok. 65 mln. Nie Let You Down
34%
ok. 65 mln. Tak Początek
33%
ok. 20 mln. Tak Phantom Liberty
28%
Nie znaleziono quizów pasujących do podanych kryteriów
Rozkład punktacji
Procent ludzi z każdym wynikiem
Percentyl według liczby udzielonych odpowiedzi
Twoja historia wyników
Nie rozwiązałeś tego quizu